| 000 | 00381nam a2200133Ia 4500 | ||
|---|---|---|---|
| 008 | 170516s9999 xx 000 0 und d | ||
| 245 | _aClinical Application of Radiolabeled RGD Peptides for PET Imaging of Integrin αvβ3 | ||
| 260 | _bTheranostics | ||
| 260 | _c2016 | ||
| 300 | _a6:1 | ||
| 650 | _xMedical Technology | ||
| 650 | _xMedtech | ||
| 856 | _uhttp://www.thno.org/v6i1 | ||
| 999 |
_c330097 _d330097 |
||